Štatistické riadenie kvality. Analýza spôsobilosti procesu

Stručný prehľad techník, ktoré možno použiť v analýze spôsobilosti procesu: analýza spôsobilosti procesu pomocou histogramu, regulačných diagramov, indexov spôsobilosti a pomocou navrhnutých experimentov.

Saved in:
Bibliographic Details
Main Author: Hrnčiarová, Ľubica
Other Authors: Terek, Milan
Format: Book Chapter
Language:Slovak
Subjects:
Tags: Add Tag
No Tags, Be the first to tag this record!

MARC

LEADER 00000naa$a2200000$$$4500
001 0085482
005 20240613074052.3
041 0 |a slo 
044 |a SK 
245 1 0 |a Štatistické riadenie kvality. Analýza spôsobilosti procesu  |c Ľubica Hrnčiarová, Milan Terek 
520 |a Stručný prehľad techník, ktoré možno použiť v analýze spôsobilosti procesu: analýza spôsobilosti procesu pomocou histogramu, regulačných diagramov, indexov spôsobilosti a pomocou navrhnutých experimentov. 
610 2 0 |a riadenie kvality 
610 2 0 |a analýza štatistická 
610 2 0 |a diagramy regulačné 
610 2 0 |a indexy 
610 2 0 |a experimenty 
610 2 0 |a štatistika 
100 1 |a Hrnčiarová, Ľubica 
700 1 |a Terek, Milan